00607nam a22001817a 450000500170000001000150001702000260003203500130005803700130007108200100008410000180009424501380011226000410025027000370029130000210032850000500034965000260039920100820120714.0 aENG-101081 a9788189846114c100.00 aEN-84614 bDBAD/PUB a305.4 aGhosh, Anjana aRole of women councillors in urban local bodies :ba case study of the Kolkata and the howrah munciple corporation /cby Anjana Ghosh aKolkatabPragatishil Prokashakc2010 a37A, College StreetbKolkatae73 a112p.c22cm (Hb) aincludes bibliographical references and index aWomen-Political Party